Estatísticas para Quiz da liga Bwin- Portugal

Clique aqui para jogar o quiz

Estatísticas Gerais

  • Esse quiz foi jogado 75 vezes
  • A pontuação média é 14 de 18

Estatísticas das Respostas

ColocaçãoEquipas- Liga Bwin% Correto
2FC Porto
100%
1SL Benfica
98%
4Sporting
98%
3SC Braga
94%
6Vitória SC
84%
9Boavista
79%
15Portimonense
79%
7GD Chaves
76%
8FC Famalicão
75%
16Marítimo
75%
10Casa Pia AC
73%
5FC Arouca
71%
18Santa Clara
71%
12Rio Ave
70%
11FC Vizela
68%
13Gil Vicente
68%
17Paços de Ferreira
63%
14Estoril Praia
52%

Distribuição das Pontuações

Percentil de Números Respondidos

Porcentagem de Pessoas com Cada Pontuação

Sua Pontuação Histórica

Você não jogou esse quiz